DC The Don Songs A-Z - Statistics

General Stats
  • This quiz has been taken 36 times
    22 since last reset
  • The average score is 16 of 25
Answer Stats
Hint Answer % Correct
G GMFU/Ghost Rider/Going Stuck/God Level/Get Naked/giving up on me/Greek the freak/good luck!
91%
A Arrest Me/All Night/All I Know/Autobot!/Angel Dust/aaliyah/any questions/anonymous
82%
H Heartbreak Summer/Hello DC!/Hellraiser/Homicid3/Headphones/H3y/Hate it or love it/Hate The New You/Hate Being Lonely/Holy matrimony/ Hello World/how does it hurt?/hovering/(Hollywood)
82%
W Walk Thru/Welcome to the Show/Worst Day/Wait Your Turn/Wait 4 U/What Now?/Way Too Much/Working On Dyin/Will You Be Mine/who this
82%
# 11:30/12AM/1st Off/3am freestyle/2 fast/7 knights/4life/4am freestyle/10outta 10
73%
B Ball Player/Beyond Global/Break In Half/Brothers/Bankrupt/Backstage/Burning My Skin/Best Friend Only/Burn The City/Brand New Drugs/Back Road Swangin/bol bol & shareef/back by summer**
73%
F Freddy Krueger/Free Falling!/Futurama 2099/Funeral/Friends/FightOr Flight/Fully Loaded/Fly enough to be virgil/Fly 2 You/found you/free melly
73%
L LSD Interlude/Light Speed/Live from the gutta!/LUV/Let's Pretend?/Lets go band 4 band/Letter 5/Low Life Anthem/Lie2me/love me anyways /legend of Zelda!
73%
P Paranoid/PSA/Poison/Persona/Powerless/Popstar Nervous
73%
S Sidekick/Stop Being So Nice/Scott Pilgrim/SRT/Shutup!/Stop Hating/Suicide/Story of MY Life/Shawty/South Memphis/Screaming thru the walls/So What/Spotlights/Stella Rose/Satellite/smallest room in the valley /so sick/smashing pumpkins/set it off/ski/Selena & the weeknd
73%
V Voice On My End/Venus
73%
D Do You Feel Me/Diamonds & Rubies/Donny's Revenge/Donatello/Dr. Strange/Daij Is Drunk/Different Type/DC free
64%
I I want you/iCarly/ILY/IMY/intuition/I'm losing it/Idk it depends/If u wannatalk/I Shouldve Told Ya
64%
K Kodak Black/Knife In My Back/Knock Me Off My Feet/kill the dj
64%
M Motion/Meet Whitney!/Mood Swings/MW3 Freestyle/Mr. Not Nice/Makaveli/Maniac/Megalodon/My Jacket Don't Fit You/melatonin/MR /Million/Met at a party/meant 2 be/mood/milwaukee
64%
N No Melody/Next Week!/Nascar Racer/Naskar/Notice Me/Nice to meetme/Nobody/no more parties
64%
T Too Short/TBH YuR CooL RaTe 8/Telfar/Tell Shyanne/The Fall Off/Tilly Adlibs/thanos/throw up neon
64%
U Umbrella/Use To It/Urgent!/Used 2 Be Me/upset
64%
C Campfire Story/Can You Breathe?/cowboy beat/crystal castles
55%
E Everything 1K/Eclipse/Emotions Pour/Enemies/Electronics/euphoria
55%
Y You Forgot Abt Me/you me and lsd
55%
Z Zombieland
55%
J Jeffrey Dahmer/John Cena/Jesus Can't Save You/Just Keep Running
45%
R Rock Out/Red Light!/Rest In Peace/Riris & Kylies/Rerout3/Runway!/Rag3 Kidd/right now!/Ricky baker/riff raff 2013
45%
O Outlaw/Ok Cool/Out of my body/on the low
27%
No matching quizzes found
Score Distribution
Percent of People with Each Score
Percentile by Number Answered
Your Score History
You have not taken this quiz since the last reset